| Tag |
First Indicator |
Second Indicator |
Subfields |
| LEADER |
00000cam a2200000I 4500 |
| 001 |
in00001665921 |
| 005 |
20151024121848.0 |
| 008 |
741114s1964 enkab b 000 0 eng d |
| 015 |
|
|
|a GB64-14817
|
| 019 |
|
|
|a 601711
|
| 035 |
|
|
|a (OCoLC)ocm01076202
|
| 040 |
|
|
|a TFW
|c TFW
|d NRC
|d UKM
|d UtOrBLW
|
| 049 |
|
|
|a TXAM
|
| 082 |
0 |
4 |
|a 301.296694
|2 18
|
| 090 |
|
|
|a DT515.42
|b .G7 1964
|
| 100 |
1 |
|
|a Green, M. M.
|q (Margaret Mackeson)
|
| 245 |
1 |
0 |
|a Igbo village affairs :
|b chiefly with reference to the village of Umueke Agbaja /
|c by M. M. Green.
|
| 250 |
|
|
|a [2d ed.].
|
| 264 |
|
1 |
|a [London] :
|b F. Cass,
|c [1964]
|
| 300 |
|
|
|a xvii, 262 pages :
|b illustrations, folded map. ;
|c 23 cm.
|
| 336 |
|
|
|a text
|b txt
|2 rdacontent
|
| 337 |
|
|
|a unmediated
|b n
|2 rdamedia
|
| 338 |
|
|
|a volume
|b nc
|2 rdacarrier
|
| 504 |
|
|
|a Bibliographical footnotes.
|
| 650 |
|
0 |
|a Igbo (African people)
|
| 948 |
|
|
|a cataloged
|b h
|c 2002/7/17
|d c
|e eneff
|f 10:55:52 am
|
| 994 |
|
|
|a E0
|b TXA
|
| 999 |
|
|
|a MARS
|
| 999 |
f |
f |
|s 8b62e322-da59-318f-98c1-111d8c01946d
|i 8b825695-550a-3548-b338-ab441f554afa
|t 0
|
| 952 |
f |
f |
|p normal
|a Texas A&M University
|b College Station
|c Sterling C. Evans Library
|d Evans: Library Stacks
|t 0
|e DT515.42 .G7 1964
|h Library of Congress classification
|i unmediated -- volume
|m A14828991913
|
| 998 |
f |
f |
|a DT515.42 .G7 1964
|t 0
|l Evans: Library Stacks
|